| 000 | 00802nam a2200217Ia 4500 | ||
|---|---|---|---|
| 008 | 191130s1985##################000#0#eng## | ||
| 020 | _a9780866563895 | ||
| 022 | _a84028996 | ||
| 040 |
_aACL _cACL |
||
| 082 | _a790.1926 COO | ||
| 245 |
_aInnovations in activities for the elderly : proceedings of the 1984 national association of activity professionals convention _cJane D. Cook, editor |
||
| 260 |
_aBinghamton, NY _bHaworth Press _c1985 |
||
| 300 | _a120 p. ; 23 cm | ||
| 500 | _aIncludes bibliographical references and index | ||
| 650 | _aOlder people - Institutional care - United States - Congresses | ||
| 650 | _aOlder people - Recreation - United States - Congresses | ||
| 700 | _aCook, Jane D | ||
| 990 | _ae5185246ac10000c028b33b6b54ed34c | ||
| 991 | _a374644 | ||
| 999 |
_c215569 _d215569 |
||